भरतकाम डिझाइन्स (Record no. 463042)

MARC details
000 -LEADER
fixed length control field 00510nam a2200145Ia 4500
008 - FIXED-LENGTH DATA ELEMENTS--GENERAL INFORMATION
fixed length control field 100204s9999 xx 000 0 und d
082 ## - DEWEY DECIMAL CLASSIFICATION NUMBER
Item number 18619
100 ## - MAIN ENTRY--PERSONAL NAME
Personal name मिस्त्री निर्मला सी.
245 ## - TITLE STATEMENT
Title भरतकाम डिझाइन्स
260 ## - PUBLICATION, DISTRIBUTION, ETC. (IMPRINT)
Name of publisher, distributor, etc "गाला पब्लिशर्स, मुंबई"
300 ## - PHYSICAL DESCRIPTION
Extent 136
630 ## - SUBJECT ADDED ENTRY--UNIFORM TITLE
Uniform title भरतकाम डिझाइन्स
730 ## - ADDED ENTRY--UNIFORM TITLE
Uniform title भरतकाम डिझाइन्स
942 ## - ADDED ENTRY ELEMENTS (KOHA)
Koha item type Book
Holdings
Withdrawn status Lost status Damaged status Not for loan Home library Current library Date acquired Cost, normal purchase price Total Checkouts Full call number Barcode Date last seen Cost, replacement price Price effective from Koha item type Public note
  Missing from bundle     N. C. Kelkar Sarvajanik Library, Mulund N. C. Kelkar Sarvajanik Library, Mulund 02/04/2010 55.00   18619 NCKMULUND-18619 02/04/2010 55.00 02/04/2010 Book 1)गहाळ